书目信息 |
| 题名: |
设施农业
|
|
| 作者: | 卢育华 主编 | |
| 分册: | 冬暖大棚蔬菜栽培 | |
| 出版信息: | 济南 山东人民出版社 1999 |
|
| 页数: | 220页 | |
| 开本: | 20cm | |
| 丛书名: | 跨世纪青年农民培训系列教材 | |
| 单 册: | ||
| 中图分类: | S62 , S626.4 | |
| 科图分类: | ||
| 主题词: | 温室栽培--技术教育--教材 , 蔬菜--塑料温室--温室栽培--技术教育--教材 | |
| 电子资源: | ||
| ISBN: | 7-209-02516-2 | |
| 000 | 00816oam2 2200277 450 | |
| 001 | 0100010458 | |
| 005 | 20110517124417.0 | |
| 010 | @a7-209-02516-2@dCNY12.00 | |
| 011 | @a7-209-02516-2 | |
| 100 | @a20021005d1999 em y0chiy0110 ea | |
| 101 | 0 | @achi |
| 102 | @aCN@b370000 | |
| 105 | @ay z 000yy | |
| 106 | @ar | |
| 200 | 1 | @a设施农业@9She Shi Nong Ye @i冬暖大棚蔬菜栽培@f卢育华主编@b专著 |
| 210 | @a济南@c山东人民出版社@d1999 | |
| 215 | @a220页@d20cm | |
| 225 | 2 | @a跨世纪青年农民培训系列教材 |
| 410 | 0 | @12001 @a跨世纪青年农民培训系列教材 |
| 606 | 0 | @a温室栽培@x技术教育@x教材 |
| 606 | 0 | @a蔬菜@x塑料温室@x温室栽培@x技术教育@x教材 |
| 690 | @aS62@v4 | |
| 690 | @aS626.4@v4 | |
| 701 | 0 | @a卢育华@f(1942~)@9lu yu hua@4主编 |
| 801 | 0 | @aCN@bAiZhiMarc@c20000314 |
| 905 | @aBZT@dS62@e35@f17@sS62/35 | |
| 设施农业.冬暖大棚蔬菜栽培/卢育华主编.-济南:山东人民出版社,1999 |
| 220页;20cm.-(跨世纪青年农民培训系列教材) |
| ISBN 7-209-02516-2:CNY12.00 |
| ● |
| 相关链接 |
|
|
|
正题名:设施农业
索取号:S62/35
 
预约/预借
| 序号 | 登录号 | 条形码 | 馆藏地/架位号 | 状态 | 备注 |
| 1 | 2000053259 | 2000053259 | 旧书回溯/ [索取号:S62/35] | 在馆 | |
| 2 | 2000053836 | 2000053836 | 旧书回溯/ [索取号:S62/35] | 在馆 | |
| 3 | 2000053837 | 2000053837 | 旧书回溯/ [索取号:S62/35] | 在馆 | |
| 4 | 2000054436 | 2000054436 | 旧书回溯/ [索取号:S62/35] | 在馆 | |
| 5 | 2000054437 | 2000054437 | 旧书回溯/ [索取号:S62/35] | 在馆 | |
| 6 | 2000056737 | 2000056737 | 旧书回溯/ [索取号:S62/35] | 在馆 | |
| 7 | 2000056738 | 2000056738 | 旧书回溯/ [索取号:S62/35] | 在馆 | |
| 8 | 2000056739 | 2000056739 | 旧书回溯/ [索取号:S62/35] | 在馆 | |
| 9 | 2000065573 | 2000065573 | 旧书回溯/ [索取号:S62/35] | 在馆 | |
| 10 | 2000066449 | 2000066449 | 旧书回溯/ [索取号:S62/35] | 在馆 | |
| 11 | 2000069290 | 2000069290 | 旧书回溯/ [索取号:S62/35] | 在馆 | |
| 12 | 2000069291 | 2000069291 | 旧书回溯/ [索取号:S62/35] | 在馆 | |
| 13 | 2000069292 | 2000069292 | 旧书回溯/ [索取号:S62/35] | 在馆 | |
| 14 | 2000129750 | 2000129750 | 旧书回溯/ [索取号:S62/35] | 在馆 | |
| 15 | 2000129768 | 2000129768 | 旧书回溯/ [索取号:S62/35] | 在馆 | |
| 16 | 2000146440 | 2000146440 | 旧书回溯/ [索取号:S62/35] | 在馆 | |
| 17 | 2000146441 | 2000146441 | 旧书回溯/ [索取号:S62/35] | 在馆 |